L’impôt sur les sociétés et les droits de douane face aux défis de l’économie (notice n° 1710913)
[ vue normale ]
| 000 -LEADER | |
|---|---|
| fixed length control field | 01895cam a2200169 4500500 |
| 005 - DATE AND TIME OF LATEST TRANSACTION | |
| control field | 20260322000959.0 |
| 041 ## - LANGUAGE CODE | |
| Language code of text/sound track or separate title | fre |
| 042 ## - AUTHENTICATION CODE | |
| Authentication code | dc |
| 100 10 - MAIN ENTRY--PERSONAL NAME | |
| Personal name | Martinez, Jean-Claude |
| Relator term | author |
| 245 00 - TITLE STATEMENT | |
| Title | L’impôt sur les sociétés et les droits de douane face aux défis de l’économie |
| 260 ## - PUBLICATION, DISTRIBUTION, ETC. | |
| Date of publication, distribution, etc. | 2025.<br/> |
| 500 ## - GENERAL NOTE | |
| General note | 57 |
| 520 ## - SUMMARY, ETC. | |
| Summary, etc. | En dépit des progrès accomplis depuis vingt ans, notamment sous l’égide du G20, de l’OCDE et des Nations Unies, la remise en ordre du système fiscal international n’a toujours pas trouvé de solution efficace autre que des ajustements d’ordre technique. Une alternative existe pourtant. En matière d’impôt sur les sociétés, l’institution d’un impôt « à deux étages » pourrait mettre un terme au désordre dû en grande partie à des États jouant la carte du moins-disant fiscal. S’agissant des droits de douane, une nouvelle technologie est également envisageable : des droits de douane déductibles pourraient contribuer à rétablir la sérénité dans les relations commerciales internationales. |
| 520 ## - SUMMARY, ETC. | |
| Summary, etc. | Over the past twenty years, under the auspices of the G20, the OECD and the United Nations, progress has been made on reforming the international tax system. Beyond technical adjustments, however, no effective solution has been found. Yet an alternative does exist. In terms of corporation tax, the introduction of a two-tier system could put an end to the disorder that is caused mainly by countries competing to offer the lowest tax rates. And with regard to customs duties, new technology is also a possibility. Deductible customs duties could help restore calm to international trade relations. |
| 786 0# - DATA SOURCE ENTRY | |
| Note | Questions internationales | 134 | 6 | 2025-12-08 | p. 87-95 | 1761-7146 |
| 856 41 - ELECTRONIC LOCATION AND ACCESS | |
| Uniform Resource Identifier | <a href="https://shs.cairn.info/magazine-questions-internationales-2025-7-page-87?lang=fr&redirect-ssocas=7080">https://shs.cairn.info/magazine-questions-internationales-2025-7-page-87?lang=fr&redirect-ssocas=7080</a> |
Pas d'exemplaire disponible.




Réseaux sociaux